It's okay to be different / (Record no. 1601)

MARC details
000 -LEADER
fixed length control field 01697cam a22003977i 4500
005 - DATE AND TIME OF LATEST TRANSACTION
control field 20231204101658.0
020 ## - INTERNATIONAL STANDARD BOOK NUMBER
International Standard Book Number 9780316043472
040 ## - CATALOGING SOURCE
Original cataloging agency MIBLS
Language of cataloging eng
Transcribing agency MIBLS
Description conventions rda
Modifying agency OCLCF
-- IH9
-- DLC
050 00 - LIBRARY OF CONGRESS CALL NUMBER
Classification number PZ7.P2447
082 ## - DEWEY DECIMAL CLASSIFICATION NUMBER
Classification number 155.2
100 1# - MAIN ENTRY--PERSONAL NAME
Personal name Parr, Todd
Relator term author
-- illustrator
245 10 - TITLE STATEMENT
Title It's okay to be different /
Statement of responsibility, etc. Todd Parr
246 3# - VARYING FORM OF TITLE
Title proper/short title It is okay to be different
246 3# - VARYING FORM OF TITLE
Title proper/short title It's OK to be different
246 3# - VARYING FORM OF TITLE
Title proper/short title It is OK to be different
250 ## - EDITION STATEMENT
Edition statement First Paperback Edition: April 2009
260 ## - PUBLICATION, DISTRIBUTION, ETC.
Place of publication, distribution, etc. New York :
Name of publisher, distributor, etc. Little, Brown and Company,
Date of publication, distribution, etc. 2001
300 ## - PHYSICAL DESCRIPTION
Extent 30 unnumbered pages :
Other physical details color illustrations ;
Dimensions 26 cm
490 1# - SERIES STATEMENT
Series statement Todd Parr picture books
500 ## - GENERAL NOTE
General note "Originally published in hardcover in September 2001 by Little, Brown and Company."--Title page verso.
505 ## - FORMATTED CONTENTS NOTE
Formatted contents note E <br/>
520 ## - SUMMARY, ETC.
Summary, etc. Illustrations and brief text describe all kinds of differences that are "okay," such as "It's Okay to be a different color," "It's Okay to need some help," "It's Okay to be adopted," and "It's Okay to have a Different nose."
521 ## - TARGET AUDIENCE NOTE
Target audience note 200 <br/>
Source Lexile AD <br/>
521 ## - TARGET AUDIENCE NOTE
Target audience note E <br/>
Source Raz-Plus <br/>
650 #0 - SUBJECT ADDED ENTRY--TOPICAL TERM
Topical term or geographic name entry element Individual differences
Form subdivision Pictorial works
-- Juvenile literature.
650 #0 - SUBJECT ADDED ENTRY--TOPICAL TERM
Topical term or geographic name entry element Self-esteem
Form subdivision Pictorial works
-- Juvenile literature.
650 #7 - SUBJECT ADDED ENTRY--TOPICAL TERM
Topical term or geographic name entry element Individual differences.
Source of heading or term fast
Authority record control number or standard number (OCoLC)fst00970304
650 #7 - SUBJECT ADDED ENTRY--TOPICAL TERM
Topical term or geographic name entry element Self-esteem.
Source of heading or term fast
Authority record control number or standard number (OCoLC)fst01111662
655 #7 - INDEX TERM--GENRE/FORM
Genre/form data or focus term Juvenile works.
Source of term fast
Authority record control number or standard number (OCoLC)fst01411637
655 #7 - INDEX TERM--GENRE/FORM
Genre/form data or focus term Pictorial works.
Source of term fast
Authority record control number or standard number (OCoLC)fst01423874
655 #7 - INDEX TERM--GENRE/FORM
Genre/form data or focus term Picture books.
Source of term fast
Authority record control number or standard number (OCoLC)fst01726789
655 #7 - INDEX TERM--GENRE/FORM
Genre/form data or focus term Picture books.
Source of term lcgft
906 ## - LOCAL DATA ELEMENT F, LDF (RLIN)
a 7
b cbc
c copycat
d 2
e ncip
f 20
g y-gencatlg
942 ## - ADDED ENTRY ELEMENTS (KOHA)
Source of classification or shelving scheme Dewey Decimal Classification
Koha item type Books
Suppress in OPAC No
999 ## -
-- 1601
-- 1601
Holdings
Withdrawn status Lost status Source of classification or shelving scheme Damaged status Not for loan Collection Home library Current library Shelving location Date acquired Total Checkouts Full call number Barcode Date last seen Date last checked out Price effective from Koha item type
    Dewey Decimal Classification     Juvenile Fiction Footprints International School Library Network Toul Kork Campus Footprints International School Library Network Toul Kork Campus   09/08/2023 4 PAR 155.2 PZ7.P2447 FIS04971 05/29/2025 05/08/2025 09/08/2023 Books